| 000 | 00910nam a2200193 a 4500 | ||
|---|---|---|---|
| 005 | 20210223122032.0 | ||
| 008 | 991125m19661968es 000 0 spa u | ||
| 035 | _aUPN01000028314 | ||
| 049 | _aCG | ||
| 050 | 4 |
_aD421 _bS2.38 1968 |
|
| 100 | 1 | _aSalis, J. R. de | |
| 245 | 1 | 0 |
_aHistoria del mundo contemporáneo / _cJ. R. de Salis ; tr. del alemán Manuel Sacristán Luzón. |
| 250 | _a2a ed. | ||
| 260 |
_aMadrid : _bGuadarrama, _c1966-1968. |
||
| 300 |
_a5 v. : _bil. (algunas col.) |
||
| 505 | 8 |
_aContenido: _gv.1. _tLos fundamentos históricos del siglo XX parte I -- _gv.2. _tLos fundamentos históricos del siglo XX parteII -- _gv.3. _tEl ascenso de América, el despertar de Asia, la crisis de Europa 1905-1914 -- _gv.4. _tLa primera guerra mundial, la Europa de la postguerra -- _gv.5. _tLa segunda guerra mundial, la Europa de la postguerra |
|
| 650 | 4 |
_aHISTORIA MODERNA - _ySIGLO XX _914204 |
|
| 905 | _aLibro | ||
| 999 |
_c28314 _d28314 |
||